|
|
|
|
| LEADER |
00000nab a2200000 a 4500 |
| 001 |
vtls010723065 |
| 003 |
SK-MaSNL |
| 005 |
20260304185655.0 |
| 008 |
250709s1962 xo |||||||||||||||||slo| |
| 035 |
|
|
|a (urnnbn)urn:nbn:sk:snk:ar-a04thz
|
| 035 |
|
|
|a (uuid)78b3cf30-80cb-4398-9665-134e362090c1
|
| 035 |
|
|
|a urn:nbn:sk:snk-ab3nj8
|
| 040 |
|
|
|a SNKBUCL
|b slo
|c SNKBUCL
|e AACR2
|
| 041 |
0 |
|
|a cze
|
| 044 |
|
|
|a xo
|c SK
|
| 100 |
1 |
|
|a Hálek, Václav,
|d 1930-2001
|4 aut
|9 203242
|
| 245 |
1 |
0 |
|a K METODICE EXPERIMENTÁLNÍHO ŘEŠENÍ VLIVU VÝPARU Z VOLNÉ HLADINY PODZEMNÍ VODY
|c Václav Hálek
|
| 773 |
0 |
|
|t Vodohospodársky časopis : časopis pre hydrológiu a hydromechaniku
|g Roč. 10, č. 2 (1962), s. 127-141
|
| 850 |
|
|
|a Slovenská národná knižnica
|
| 852 |
|
|
|a Slovenská národná knižnica
|
| 958 |
|
|
|a article1
|
| 958 |
|
|
|a OND
|
| 958 |
|
|
|a EUIPO
|
| 999 |
|
|
|c 3045297
|d 3047227
|